书目信息 |
| 题名: |
水务管理法规标准规范全书
|
|
| 作者: | ;北京工业大学 , 中国标准出版社 编 | |
| 分册: | 下 产品卷 | |
| 出版信息: | 北京 中国标准出版社 2004.08 |
|
| 页数: | 11, 699页 | |
| 开本: | 30cm | |
| 丛书名: | ||
| 单 册: | ||
| 中图分类: | D922.669 | |
| 科图分类: | ||
| 主题词: | 水法--shui fa--法规--中国--汇编 , 水处理设施--shui chu li she shi--国家标准--中国--汇编 | |
| 电子资源: | ||
| ISBN: | 7-5066-3483-X | |
| 000 | 01091nam0 2200241 450 | |
| 001 | 012007015157 | |
| 005 | 20070920160330.90 | |
| 010 | @a7-5066-3483-X@dCNY132.00 | |
| 100 | @a20070827d2004 km y0chiy0120 ea | |
| 101 | 0 | @achi |
| 102 | @aCN@b110000 | |
| 105 | @aa n 000yy | |
| 200 | 1 | @a水务管理法规标准规范全书@Ashui wu guan li fa gui biao zhun gui fan quan shu@h下@i产品卷@f北京工业大学工业水务中心, 中国标准出版社第二编辑室编@Fbei jing gong ye da xue gong ye shui wu zhong xin,zhong guo biao zhun chu ban she di er bian ji shi bian |
| 210 | @a北京@c中国标准出版社@d2004.08 | |
| 215 | @a11, 699页@c图@d30cm | |
| 330 | @a本书汇集了截至2003年底发布的84项国家标准和行业标准,涉及水处理药剂类、离子交换树脂类,及设备仪器、器材类等各项标准。 | |
| 606 | 0 | @a水法@Ashui fa@x法规@y中国@j汇编 |
| 606 | 0 | @a水处理设施@Ashui chu li she shi@x国家标准@y中国@j汇编 |
| 690 | @aD922.669@v4 | |
| 711 | 02 | @a北京工业大学@Abei jing gong ye da xue@b工业水务中心@4编 |
| 711 | 02 | @a中国标准出版社@Azhong guo biao zhun chu ban she@b第二编辑室@4编 |
| 801 | 0 | @aCN@c20070920 |
| 905 | @dD922.669@eB428:2 | |
| 水务管理法规标准规范全书.下.产品卷/北京工业大学工业水务中心, 中国标准出版社第二编辑室编.-北京:中国标准出版社,2004.08 |
| 11, 699页:图;30cm |
| ISBN 7-5066-3483-X:CNY132.00 |
| 本书汇集了截至2003年底发布的84项国家标准和行业标准,涉及水处理药剂类、离子交换树脂类,及设备仪器、器材类等各项标准。 |
| ● |
| 相关链接 |
|
|
|
正题名:水务管理法规标准规范全书
索取号:D922.669/B428:2
 
预约/预借
| 序号 | 登录号 | 条形码 | 馆藏地/架位号 | 状态 | 备注 |
| 1 | 261992 | 202619924 | 社科库509/509社科库 90排2列1层/ [索取号:D922.669/B428:2] | 在馆 | |
| 2 | 261993 | 202619933 | 社科库509/509社科库 90排2列1层/ [索取号:D922.669/B428:2] | 在馆 |